00478nam a2200157Ia 4500999001700000003000400017005001700021008004100038040000900079082002100088100002600109245008200135260004600217300000900263942004800272 c19087d19087OSt20200609143439.0190216s9999||||xx |||||||||||||| ||und|| coclc a354.54035bGAN/Y aGandhi, Indira 92693 4aThe Years Of Challenge :bSelected Speeches Of Indira Gandhi /cIndira Gandhi bPublications Division,c1971.aNew Delhi: a497p cBK2ddch354.54035iGAN/Yk354.54035mGAN/Y